000
00249nam a2200109Ia 4500
008
190914s9999||||xx |||||||||||||| ||und||
100
_a
Zig Ziglar
245
0
_a
Ziglar On Selling
260
_a
India
_b
S. Chand
_c
2009
300
_a
356
942
_c
BK
999
_c
10097
_d
10097